000 00442ntaaa2200169 4500
003 01
005 20251027201944.0
008 0714s1973 ag 01
040 _aAR-BaBN
_bspa
_cAR-BaBN
_eaacr
_dRIC
082 _a248.0000 G79
100 _aGray, James M.
_96219
245 _aSlavation from start to finish
250 _a1 ed. :
_bBible Institute Colportage Association,
_cc/911
300 _a128 p.
650 _aVida Cristiana
942 _cBK
999 _c14290
_d14290